Statistics for 10 Biggest Cities in Guatemala on a Map

Click here to take the quiz!

General Stats

  • This quiz has been taken 201 times
  • The average score is 4 of 10

Answers on the Map

Answers color-coded by a green-red scale on the quiz's map according to % correct below.
 

Answer Stats

CityPop.% Correct
Guatemala City923,392
98%
Quetzaltenango180,706
56%
Coban212,047
42%
Mixco463,019
38%
Villa Nueva426,316
36%
Escuintla156,313
29%
Jutiapa145,880
25%
Jalapa159,840
20%
San Juan Sacatepequez155,965
13%
Petapa129,124
11%

Score Distribution

Percentile by Number Answered

Percent of People with Each Score

Your Score History

You have not taken this quiz